<?xml version="1.0" encoding="UTF-8"?><?xml-stylesheet type="text/xsl" href="static/style.xsl"?><OAI-PMH xmlns="http://www.openarchives.org/OAI/2.0/" xmlns:xsi="http://www.w3.org/2001/XMLSchema-instance" xsi:schemaLocation="http://www.openarchives.org/OAI/2.0/ http://www.openarchives.org/OAI/2.0/OAI-PMH.xsd"><responseDate>2026-04-29T19:07:38Z</responseDate><request verb="GetRecord" identifier="oai:repisalud.isciii.es:20.500.12105/7597" metadataPrefix="marc">https://repisalud.isciii.es/rest/oai/request</request><GetRecord><record><header><identifier>oai:repisalud.isciii.es:20.500.12105/7597</identifier><datestamp>2024-09-28T00:00:37Z</datestamp><setSpec>com_20.500.12105_2052</setSpec><setSpec>com_20.500.12105_2051</setSpec><setSpec>col_20.500.12105_19609</setSpec></header><metadata><record xmlns="http://www.loc.gov/MARC21/slim" xmlns:dcterms="http://purl.org/dc/terms/" xmlns:doc="http://www.lyncode.com/xoai" xmlns:xsi="http://www.w3.org/2001/XMLSchema-instance" xsi:schemaLocation="http://www.loc.gov/MARC21/slim http://www.loc.gov/standards/marcxml/schema/MARC21slim.xsd">
   <leader>00925njm 22002777a 4500</leader>
   <datafield ind2=" " ind1=" " tag="042">
      <subfield code="a">dc</subfield>
   </datafield>
   <datafield ind2=" " ind1=" " tag="720">
      <subfield code="a">Seguí, Raimundo</subfield>
      <subfield code="e">author</subfield>
   </datafield>
   <datafield ind2=" " ind1=" " tag="720">
      <subfield code="a">Muñoz-Antoli, Carla</subfield>
      <subfield code="e">author</subfield>
   </datafield>
   <datafield ind2=" " ind1=" " tag="720">
      <subfield code="a">Klisiowicz, Debora R</subfield>
      <subfield code="e">author</subfield>
   </datafield>
   <datafield ind2=" " ind1=" " tag="720">
      <subfield code="a">Oishi, Camila Y</subfield>
      <subfield code="e">author</subfield>
   </datafield>
   <datafield ind2=" " ind1=" " tag="720">
      <subfield code="a">Köster, Pamela Carolina</subfield>
      <subfield code="e">author</subfield>
   </datafield>
   <datafield ind2=" " ind1=" " tag="720">
      <subfield code="a">de Lucio, Aida</subfield>
      <subfield code="e">author</subfield>
   </datafield>
   <datafield ind2=" " ind1=" " tag="720">
      <subfield code="a">Hernandez-De-Mingo, Marta</subfield>
      <subfield code="e">author</subfield>
   </datafield>
   <datafield ind2=" " ind1=" " tag="720">
      <subfield code="a">Puente, Paula</subfield>
      <subfield code="e">author</subfield>
   </datafield>
   <datafield ind2=" " ind1=" " tag="720">
      <subfield code="a">Toledo, Rafael</subfield>
      <subfield code="e">author</subfield>
   </datafield>
   <datafield ind2=" " ind1=" " tag="720">
      <subfield code="a">Esteban, José G</subfield>
      <subfield code="e">author</subfield>
   </datafield>
   <datafield ind2=" " ind1=" " tag="720">
      <subfield code="a">Carmena, David</subfield>
      <subfield code="e">author</subfield>
   </datafield>
   <datafield ind2=" " ind1=" " tag="260">
      <subfield code="c">2018-08-30</subfield>
   </datafield>
   <datafield ind2=" " ind1=" " tag="520">
      <subfield code="a">BACKGROUND: Intestinal protozoan parasites are major contributors to the global burden of gastrointestinal disease causing significant socioeconomic consequences. Children living in resource-poor settings with restricted access to water and sanitary services are particularly at risk of these infections. METHODS: A prospective, community-based, cross-sectional survey was conducted in Paraná (southern Brazil) between May 2015 and May 2016. A total of 766 stool samples were individually collected from volunteers (male/female ratio: 0.99; age range: 0-76 years) and used for investigating the presence of intestinal helminth and protozoan species by routine microscopic procedures including the Kato-Katz and modified Ritchie concentration methods and the Ziehl-Neelsen stain technique. Quantitative real-time PCR confirmed microscopy-positive samples for Giardia duodenalis and the assemblages and sub-assemblages determined by multilocus sequence-based genotyping of the glutamate dehydrogenase (gdh) and β-giardin (bg) genes of the parasite. Identification of Blastocystis subtypes was carried out by amplification and sequencing of a partial fragment of the small-subunit ribosomal RNA gene (SSU rDNA) of this heterokont microorganism. RESULTS: Overall, 46.1% (353/766) of the participants were infected/colonised by at least one intestinal parasite/commensal species. Protozoan and helminth species were detected in 42.7% and 10.1% of the surveyed population, respectively. Blastocystis sp. (28.2%), Endolimax nana (14.9%), and Giardia duodenalis (11.0%) were the most prevalent species found among protozoans and Ascaris lumbricoides (5.0%), Trichuris trichiura (4.6%) and hookworms (1.0%) among helminths. A total of 38 G. duodenalis-positive samples were genotyped at gdh and bg markers, revealing the presence of the sub-assemblages AII (47.4%), AII/AIII (2.6%), BIII (5.3%), BIV (26.3%) and BIII/BIV (13.1%). Two samples (5.3%) were only identified as assemblage B. AII was predominantly found in females aged 5-9 years and was associated with a higher likelihood of reporting gastrointestinal symptoms. A total of 102 Blastocystis-positive samples were successfully subtyped at the SSU rRNA gene revealing the presence of ST1 (36.3%), ST2 (15.7%), ST3 (41.2%), ST4 (2.9%), ST6 (1.0%) and ST8 (2.9%). CONCLUSIONS: Data presented here indicate that enteric parasites still represent a pressing health concern in Paraná, Brazil, probably due to sub-optimal water, sanitation and hygiene conditions. A mostly anthroponotic origin is suspected for G. duodenalis and Blastocystis sp. infections.</subfield>
   </datafield>
   <datafield ind1="8" ind2=" " tag="024">
      <subfield code="a">Parasit Vectors. 2018 Aug 30;11(1):490</subfield>
   </datafield>
   <datafield ind1="8" ind2=" " tag="024">
      <subfield code="a">10.1186/s13071-018-3054-7</subfield>
   </datafield>
   <datafield ind1="8" ind2=" " tag="024">
      <subfield code="a">1756-3305</subfield>
   </datafield>
   <datafield ind1="8" ind2=" " tag="024">
      <subfield code="a">1756-3305</subfield>
   </datafield>
   <datafield ind1="8" ind2=" " tag="024">
      <subfield code="a">Parasites &amp; vectors</subfield>
   </datafield>
   <datafield ind1="8" ind2=" " tag="024">
      <subfield code="a">30165880</subfield>
   </datafield>
   <datafield ind1="8" ind2=" " tag="024">
      <subfield code="a">http://hdl.handle.net/20.500.12105/7597</subfield>
   </datafield>
   <datafield tag="653" ind2=" " ind1=" ">
      <subfield code="a">Brazil</subfield>
   </datafield>
   <datafield tag="653" ind2=" " ind1=" ">
      <subfield code="a">Community</subfield>
   </datafield>
   <datafield tag="653" ind2=" " ind1=" ">
      <subfield code="a">Genotyping</subfield>
   </datafield>
   <datafield tag="653" ind2=" " ind1=" ">
      <subfield code="a">Helminth</subfield>
   </datafield>
   <datafield tag="653" ind2=" " ind1=" ">
      <subfield code="a">Human</subfield>
   </datafield>
   <datafield tag="653" ind2=" " ind1=" ">
      <subfield code="a">Intestinal parasites</subfield>
   </datafield>
   <datafield tag="653" ind2=" " ind1=" ">
      <subfield code="a">Microscopy</subfield>
   </datafield>
   <datafield tag="653" ind2=" " ind1=" ">
      <subfield code="a">Nematode</subfield>
   </datafield>
   <datafield tag="653" ind2=" " ind1=" ">
      <subfield code="a">Protozoa</subfield>
   </datafield>
   <datafield tag="653" ind2=" " ind1=" ">
      <subfield code="a">Soil-transmitted helminths</subfield>
   </datafield>
   <datafield ind2="0" ind1="0" tag="245">
      <subfield code="a">Prevalence of intestinal parasites, with emphasis on the molecular epidemiology of Giardia duodenalis and Blastocystis sp., in the Paranaguá Bay, Brazil: a community survey</subfield>
   </datafield>
</record></metadata></record></GetRecord></OAI-PMH>